40 Automodelle aus Asien - Statistiken

Allgemein
  • Dieses Quiz wurde 44 mal gespielt
  • Das Durchschnittsergebnis liegt bei 12 aus 40
Antwortstatistiken
Marke Modell % Korrekt
Honda Civic
76%
Suzuki Swift
76%
Hyundai i30
62%
Hyundai i10
59%
Mazda MX-5
59%
Hyundai i20
56%
Mazda 2
53%
Mazda 3
53%
Mazda 6
53%
Mazda 5
50%
Toyota Corolla
50%
Toyota Yaris
50%
Mitsubishi Lancer
41%
Honda Accord
35%
Nissan Qashqai
35%
Nissan Juke
32%
Hyundai Tucson
32%
Toyota Aygo
29%
Kia Ceed
29%
Toyota Prius
29%
Nissan Micra
26%
Kia Sportage
26%
Honda Jazz
24%
Toyota Avensis
21%
Mitsubishi Space Star
21%
Toyota Auris
18%
Hyundai Ioniq
18%
Kia Picanto
18%
Honda CR-V
15%
Kia Rio
15%
Mitsubishi Colt
12%
Suzuki Jimny
12%
Mitsubishi Outlander
12%
Hyundai Kona
9%
Nissan Leaf
9%
Nissan Note
9%
Mitsubishi ASX
6%
Suzuki Grand Vitara
3%
Suzuki Splash
3%
Kia Stonic
3%
Keine übereinstimmenden Quizze gefunden
Verteilung der Resultate
Anzahl Personen mit jedem Resultat
Perzentil nach korrekt beantworteten Fragen
Ihre Resultats-Entwicklung
Sie haben dieses Quiz noch nicht gespielt